<?xml version="1.0" encoding="UTF-8"?>
<record
    xmlns:xsi="http://www.w3.org/2001/XMLSchema-instance"
    xsi:schemaLocation="http://www.loc.gov/MARC21/slim http://www.loc.gov/standards/marcxml/schema/MARC21slim.xsd"
    xmlns="http://www.loc.gov/MARC21/slim">

  <leader>02084    a2200253   4500</leader>
  <controlfield tag="003">NALT</controlfield>
  <controlfield tag="005">20241022155658.0</controlfield>
  <controlfield tag="008">240930b        th ||||| |||| 00| 0 tha d</controlfield>
  <datafield tag="020" ind1=" " ind2=" ">
    <subfield code="a">9786164494404</subfield>
  </datafield>
  <datafield tag="040" ind1=" " ind2=" ">
    <subfield code="a">NALT</subfield>
  </datafield>
  <datafield tag="050" ind1=" " ind2=" ">
    <subfield code="a">HF 5415.1265</subfield>
    <subfield code="b">&#xE2D;772&#xE22; 2566</subfield>
  </datafield>
  <datafield tag="100" ind1="1" ind2=" ">
    <subfield code="a">&#xE2D;&#xE35;&#xE1F;&#xE2A;&#xE4C;, &#xE40;&#xE14;&#xE2D;&#xE23;&#xE4C;&#xE41;&#xE23;&#xE25;. </subfield>
    <subfield code="9">64832</subfield>
  </datafield>
  <datafield tag="245" ind1=" " ind2=" ">
    <subfield code="a">The Youtube formula &#xE2A;&#xE23;&#xE49;&#xE32;&#xE07;&#xE0A;&#xE48;&#xE2D;&#xE07;&#xE22;&#xE39;&#xE17;&#xE39;&#xE1A;&#xE40;&#xE2B;&#xE19;&#xE37;&#xE2D;&#xE18;&#xE23;&#xE23;&#xE21;&#xE14;&#xE32; =</subfield>
    <subfield code="b">The Youtube formula / </subfield>
    <subfield code="c">Derral Eves, &#xE1C;&#xE39;&#xE49;&#xE41;&#xE15;&#xE48;&#xE07; ; &#xE1C;&#xE39;&#xE49;&#xE41;&#xE1B;&#xE25; &#xE23;&#xE32;&#xE0A;&#xE31;&#xE19;&#xE1B;&#xE32;&#xE01;&#xE01;&#xE32;&#xE41;&#xE14;&#xE07;.</subfield>
  </datafield>
  <datafield tag="260" ind1=" " ind2=" ">
    <subfield code="a">&#xE19;&#xE19;&#xE17;&#xE1A;&#xE38;&#xE23;&#xE35; : </subfield>
    <subfield code="b">&#xE18;&#xE34;&#xE07;&#xE04;&#xE4C; &#xE1A;&#xE35;&#xE22;&#xE2D;&#xE19;&#xE14;&#xE4C; &#xE1A;&#xE38;&#xE4A;&#xE04;&#xE2A;&#xE4C;, </subfield>
    <subfield code="c">2566.</subfield>
  </datafield>
  <datafield tag="300" ind1=" " ind2=" ">
    <subfield code="a">392 &#xE2B;&#xE19;&#xE49;&#xE32; :</subfield>
    <subfield code="b">&#xE20;&#xE32;&#xE1E;&#xE1B;&#xE23;&#xE30;&#xE01;&#xE2D;&#xE1A; ;</subfield>
    <subfield code="c">21 &#xE0B;&#xE21;.</subfield>
  </datafield>
  <datafield tag="505" ind1="2" ind2=" ">
    <subfield code="a">&#xE15;&#xE2D;&#xE19;&#xE17;&#xE35;&#xE48; 1 &#xE41;&#xE1E;&#xE25;&#xE15;&#xE1F;&#xE2D;&#xE23;&#xE4C;&#xE21;&#xE22;&#xE39;&#xE17;&#xE39;&#xE1A; -- &#xE17;&#xE14;&#xE25;&#xE2D;&#xE07; &#xE25;&#xE49;&#xE21;&#xE40;&#xE2B;&#xE25;&#xE27; &#xE27;&#xE34;&#xE40;&#xE04;&#xE23;&#xE32;&#xE30;&#xE2B;&#xE4C; &#xE1B;&#xE23;&#xE31;&#xE1A;&#xE40;&#xE1B;&#xE25;&#xE35;&#xE48;&#xE22;&#xE19; &#xE1A;&#xE17;&#xE40;&#xE23;&#xE35;&#xE22;&#xE19;&#xE08;&#xE32;&#xE01;&#xE1B;&#xE23;&#xE30;&#xE27;&#xE31;&#xE15;&#xE34;&#xE28;&#xE32;&#xE2A;&#xE15;&#xE23;&#xE4C;&#xE02;&#xE2D;&#xE07;&#xE22;&#xE39;&#xE17;&#xE39;&#xE1A; -- &#xE23;&#xE30;&#xE1A;&#xE1A;&#xE19;&#xE34;&#xE40;&#xE27;&#xE28;&#xE22;&#xE39;&#xE17;&#xE39;&#xE1A; -- &#xE15;&#xE2D;&#xE19;&#xE17;&#xE35;&#xE48; 2 &#xE42;&#xE2D;&#xE01;&#xE32;&#xE2A; -- &#xE17;&#xE33;&#xE44;&#xE21;&#xE0A;&#xE48;&#xE2D;&#xE07;&#xE22;&#xE39;&#xE17;&#xE39;&#xE1A;&#xE2A;&#xE48;&#xE27;&#xE19;&#xE43;&#xE2B;&#xE0D;&#xE48;&#xE16;&#xE36;&#xE07;&#xE44;&#xE21;&#xE48;&#xE1B;&#xE23;&#xE30;&#xE2A;&#xE1A;&#xE04;&#xE27;&#xE32;&#xE21;&#xE2A;&#xE33;&#xE40;&#xE23;&#xE47;&#xE08; -- &#xE15;&#xE2D;&#xE19;&#xE17;&#xE35;&#xE48; 3 &#xE2A;&#xE39;&#xE15;&#xE23;&#xE25;&#xE31;&#xE1A;&#xE02;&#xE2D;&#xE07;&#xE22;&#xE39;&#xE17;&#xE39;&#xE1A; -- &#xE2A;&#xE39;&#xE15;&#xE23;&#xE17;&#xE35;&#xE48;&#xE40;&#xE19;&#xE49;&#xE19;&#xE04;&#xE19;&#xE40;&#xE1B;&#xE47;&#xE19;&#xE28;&#xE39;&#xE19;&#xE22;&#xE4C;&#xE01;&#xE25;&#xE32;&#xE07;&#xE41;&#xE25;&#xE30;&#xE02;&#xE31;&#xE1A;&#xE40;&#xE04;&#xE25;&#xE37;&#xE48;&#xE2D;&#xE19;&#xE14;&#xE49;&#xE27;&#xE22;&#xE02;&#xE49;&#xE2D;&#xE21;&#xE39;&#xE25; -- &#xE23;&#xE30;&#xE1A;&#xE38;&#xE1C;&#xE39;&#xE49;&#xE0A;&#xE21;&#xE02;&#xE2D;&#xE07;&#xE04;&#xE38;&#xE13; -- &#xE2A;&#xE33;&#xE23;&#xE27;&#xE08;&#xE41;&#xE25;&#xE30;&#xE28;&#xE36;&#xE01;&#xE29;&#xE32; -- &#xE04;&#xE2D;&#xE19;&#xE40;&#xE17;&#xE19;&#xE15;&#xE4C;&#xE04;&#xE37;&#xE2D;&#xE23;&#xE32;&#xE0A;&#xE32; -- &#xE04;&#xE33;&#xE15;&#xE34;&#xE0A;&#xE21;&#xE04;&#xE37;&#xE2D;&#xE23;&#xE32;&#xE0A;&#xE34;&#xE19;&#xE35;.</subfield>
  </datafield>
  <datafield tag="650" ind1=" " ind2="4">
    <subfield code="a">&#xE01;&#xE32;&#xE23;&#xE15;&#xE25;&#xE32;&#xE14;&#xE2D;&#xE34;&#xE19;&#xE40;&#xE17;&#xE2D;&#xE23;&#xE4C;&#xE40;&#xE19;&#xE47;&#xE15;</subfield>
    <subfield code="9">3557</subfield>
  </datafield>
  <datafield tag="650" ind1=" " ind2="4">
    <subfield code="a">&#xE01;&#xE32;&#xE23;&#xE1E;&#xE32;&#xE13;&#xE34;&#xE0A;&#xE22;&#xE4C;&#xE2D;&#xE34;&#xE40;&#xE25;&#xE47;&#xE01;&#xE17;&#xE23;&#xE2D;&#xE19;&#xE34;&#xE01;&#xE2A;&#xE4C;</subfield>
    <subfield code="9">735</subfield>
  </datafield>
  <datafield tag="650" ind1=" " ind2="4">
    <subfield code="a">&#xE22;&#xE39;&#xE17;&#xE39;&#xE1A;</subfield>
    <subfield code="9">64831</subfield>
  </datafield>
  <datafield tag="700" ind1="0" ind2=" ">
    <subfield code="a">&#xE23;&#xE32;&#xE0A;&#xE31;&#xE19;&#xE1B;&#xE32;&#xE01;&#xE01;&#xE32;&#xE41;&#xE14;&#xE07;.</subfield>
    <subfield code="9">64833</subfield>
  </datafield>
  <datafield tag="942" ind1=" " ind2=" ">
    <subfield code="c">GB</subfield>
    <subfield code="2">lcc</subfield>
  </datafield>
  <datafield tag="996" ind1=" " ind2=" ">
    <subfield code="a">jamriang.p</subfield>
    <subfield code="b">CATSTF	</subfield>
    <subfield code="c">2024-09-30</subfield>
  </datafield>
  <datafield tag="999" ind1=" " ind2=" ">
    <subfield code="c">105841</subfield>
    <subfield code="d">105841</subfield>
  </datafield>
  <datafield tag="998" ind1=" " ind2=" ">
    <subfield code="j">111</subfield>
    <subfield code="k"> &#xE19;&#xE32;&#xE07;&#xE2A;&#xE32;&#xE27;&#xE1E;&#xE08;&#xE1E;&#xE34;&#xE13;  &#xE1E;&#xE23;&#xE21;&#xE40;&#xE2D;&#xE35;&#xE48;&#xE22;&#xE21;</subfield>
  </datafield>
  <datafield tag="952" ind1=" " ind2=" ">
    <subfield code="0">0</subfield>
    <subfield code="1">0</subfield>
    <subfield code="2">lcc</subfield>
    <subfield code="4">0</subfield>
    <subfield code="7">0</subfield>
    <subfield code="8">CGBL</subfield>
    <subfield code="a">NALT</subfield>
    <subfield code="b">NALT</subfield>
    <subfield code="c">GEN</subfield>
    <subfield code="d">2024-09-28</subfield>
    <subfield code="e">194</subfield>
    <subfield code="l">1</subfield>
    <subfield code="m">1</subfield>
    <subfield code="o">HF 5415.1265 &#xE2D;772&#xE22; 2566</subfield>
    <subfield code="p">3961214476</subfield>
    <subfield code="r">2024-11-01 00:00:00</subfield>
    <subfield code="s">2024-10-22</subfield>
    <subfield code="w">2024-09-28</subfield>
    <subfield code="y">GB</subfield>
  </datafield>
</record>
